Повышение износостойкости гальванических покрытий Au-Ni путем ионной бомбардировки; Перспективные материалы с иерархической структурой для новых технологий и надежных конструкций

Detalhes bibliográficos
Parent link:Перспективные материалы с иерархической структурой для новых технологий и надежных конструкций.— 2015.— [С. 463-464]
Outros Autores: Лязгин А. О. Александр Олегович, Шугуров А. Р. Артур Рубинович, Панин А. В. Алексей Викторович, Сергеев А. О. Виктор Петрович, Нейфельд В. В. Василий Викторович, Шестериков Е. В. Евгений Викторович
Resumo:Заглавие с экрана
Idioma:russo
Publicado em: 2015
Colecção:Тонкие пленки и многослойные покрытия как иерархически организованные структуры
Assuntos:
Acesso em linha:http://www.ispms.ru/files/Conference/2015/tezis_2015.pdf#page=463
Formato: MixedMaterials Recurso Electrónico Capítulo de Livro
KOHA link:https://koha.lib.tpu.ru/cgi-bin/koha/opac-detail.pl?biblionumber=645874

MARC

LEADER 00000naa2a2200000 4500
001 645874
005 20251206120121.0
035 |a (RuTPU)RU\TPU\network\10978 
035 |a RU\TPU\network\10977 
090 |a 645874 
100 |a 20160201d2015 k y0rusy50 ca 
101 0 |a rus 
102 |a RU 
135 |a drcn ---uucaa 
181 0 |a i  
182 0 |a b 
200 1 |a Повышение износостойкости гальванических покрытий Au-Ni путем ионной бомбардировки  |f А. О. Лязгин [и др.] 
203 |a Текст  |c электронный 
225 1 |a Тонкие пленки и многослойные покрытия как иерархически организованные структуры 
300 |a Заглавие с экрана 
337 |a Adobe Reader 
463 1 |0 (RuTPU)RU\TPU\network\11053  |t Перспективные материалы с иерархической структурой для новых технологий и надежных конструкций  |o тезисы докладов Международной конференции, 21-25 сентября 2015 г., Томск  |f Российская академия наук (РАН), Сибирское отделение (СО), Институт физики прочности и материаловедения (ИФПМ)  |v [С. 463-464]  |d 2015 
610 1 |a электронный ресурс 
610 1 |a труды учёных ТПУ 
610 1 |a износоустойчивость 
610 1 |a гальванические покрытия 
610 1 |a золото 
610 1 |a ионная бомбардировка 
701 1 |a Лязгин  |b А. О.  |g Александр Олегович 
701 1 |a Шугуров  |b А. Р.  |c специалист в области материаловедения  |c профессор Томского политехнического университета, доктор физико-математических наук  |f 1967-  |g Артур Рубинович  |y Томск  |9 22640 
701 1 |a Панин  |b А. В.  |c физик  |c профессор Томского политехнического университета, доктор физико-математических наук  |f 1971-  |g Алексей Викторович  |3 (RuTPU)RU\TPU\pers\31424  |9 15588 
701 1 |a Сергеев  |b А. О.  |g Виктор Петрович 
701 1 |a Нейфельд  |b В. В.  |g Василий Викторович 
701 1 |a Шестериков  |b Е. В.  |c физик  |c ведущий инженер Томского политехнического университета  |f 1979-  |g Евгений Викторович  |3 (RuTPU)RU\TPU\pers\29431  |9 13984 
801 1 |a RU  |b 63413507  |c 20101016 
801 2 |a RU  |b 63413507  |c 20160205  |g RCR 
856 4 |u http://www.ispms.ru/files/Conference/2015/tezis_2015.pdf#page=463  |z http://www.ispms.ru/files/Conference/2015/tezis_2015.pdf#page=463 
942 |c CF